00388cam a22001217a 4500008004000000020001500040082001800055245007300073260003100146300001000177650005700187700002200244180718b2006 xxu||||| |||| 00| 0 eng d a8188086452 aA99/N315 Z655 aSocio-economic ideas of Jawaharlal Nehrucedited by Taufiq A. Nizami aNew DelhibIcon Pub.c2006 a256p. aNehru, Jawahar Lal - Views on socio-economic aspects aNizami, Taufiq A.